| 000 | 01172nam a2200313 a 4500 | ||
|---|---|---|---|
| 001 | ebr10469871 | ||
| 003 | CaPaEBR | ||
| 006 | m u | ||
| 007 | cr cn||||||||| | ||
| 008 | 110609s2011 inua s 001 0 eng d | ||
| 010 | _z 2010934751 | ||
| 020 | _z9780470878194 | ||
| 020 | _z9781118007068 (e-book) | ||
| 040 |
_aCaPaEBR _cCaPaEBR |
||
| 035 | _a(OCoLC)693772784 | ||
| 050 | 1 | 4 |
_aTK5103.2 _b.B33 2011eb |
| 100 | 1 | _aBacklin, Gene. | |
| 245 | 1 | 0 |
_aProfessional iPhone and iPad application development _h[electronic resource] / _cGene Backlin. |
| 260 |
_aIndianapolis, Ind. : _bWiley Pub., Inc., _c2011. |
||
| 300 |
_axxvi, 573 p. : _bill. |
||
| 490 | 0 | _aWrox programmer to programmer | |
| 500 | _aIncludes index. | ||
| 533 |
_aElectronic reproduction. _bPalo Alto, Calif. : _cebrary, _d2013. _nAvailable via World Wide Web. _nAccess may be limited to ebrary affiliated libraries. |
||
| 650 | 0 | _aiPhone (Smartphone) | |
| 650 | 0 | _aiPad (Computer) | |
| 655 | 7 |
_aElectronic books. _2local |
|
| 710 | 2 | _aebrary, Inc. | |
| 856 | 4 | 0 |
_uhttp://site.ebrary.com/lib/rucke/Doc?id=10469871 _zAn electronic book accessible through the World Wide Web; click to view |
| 999 |
_c221951 _d221951 |
||